000 00303nam a22001337a 4500
008 171202b xxu||||| |||| 00| 0 eng d
020 _a029725790300249500000018
041 _aeng
080 _a32
100 _a18
101 _aSHP
245 _aDUDE, WHERE'S MY COUNTRY?
_cMOORE, M
942 _2udc
_cBK
999 _c38748
_d38748